有話問蒼天: (Record no. 551)
[ view plain ]
| 000 -LEADER | |
|---|---|
| fixed length control field | 01572nam a2200289Ia 4500 |
| 003 - CONTROL NUMBER IDENTIFIER | |
| control field | OSt |
| 005 - DATE AND TIME OF LATEST TRANSACTION | |
| control field | 20241023135519.0 |
| 008 - FIXED-LENGTH DATA ELEMENTS--GENERAL INFORMATION | |
| fixed length control field | 200815s9999||||xx |||||||||||||| ||und|| |
| 020 ## - INTERNATIONAL STANDARD BOOK NUMBER | |
| International Standard Book Number | 9787106032081 |
| 020 ## - INTERNATIONAL STANDARD BOOK NUMBER | |
| International Standard Book Number | 7106032085 |
| 040 ## - CATALOGING SOURCE | |
| Transcribing agency | GETS |
| 041 ## - LANGUAGE CODE | |
| Language code of text/sound track or separate title | chi |
| Language code of original | eng |
| 050 ## - LIBRARY OF CONGRESS CALL NUMBER | |
| Classification number | BT732.7 |
| Item number | .Y3612 1999 |
| 100 ## - MAIN ENTRY--PERSONAL NAME | |
| Personal name | Yancey, Philip |
| 245 #0 - TITLE STATEMENT | |
| Title | 有話問蒼天: |
| Remainder of title | = Where is God when it hurts / |
| Statement of responsibility, etc. | 楊腓力 ( Philip. Yancey) 著; 黃陳妙玲譯 |
| 246 ## - VARYING FORM OF TITLE | |
| Title proper/short title | 有话问苍天 |
| 260 ## - PUBLICATION, DISTRIBUTION, ETC. | |
| Place of publication, distribution, etc. | 北京: |
| Name of publisher, distributor, etc. | 中国电影出版社, |
| Date of publication, distribution, etc. | 2010 |
| 300 ## - PHYSICAL DESCRIPTION | |
| Extent | 235 p. |
| Other physical details | ; |
| Dimensions | 23 cm. |
| 500 ## - GENERAL NOTE | |
| General note | Translation of: Where is God when it hurts / Philip Yangcey ; Grand Rapids, Mich. : Zondervan Pub. House, 1990. |
| 505 ## - FORMATTED CONTENTS NOTE | |
| Formatted contents note | <br/>1. 揮不去的問題 -- 第一部分 為何會有痛苦這回事? -- 2. 沒有人想要的禮物 -- 3. 無痛地獄 -- 4. 痛苦與狂喜 -- 第二部分 痛苦是從上帝而來的信息嗎? -- 5. 呻吟的地球 -- 6. 上帝要告訴我們甚麼? -- 7. 我們為何在這裏? -- 8. 手臂太短, 不能與上帝拳鬥 -- 10. 用雙腳跳躍 -- 11. 其他見證人 -- 12. 極端的例子 -- 第四部分 : 我們怎樣面對痛苦? -- 13. 復原的探索 -- 14. 恐懼 -- 15. 無助 -- 16. 意義 -- 17. 盼望 -- 第五部分 : 信仰怎樣幫助人? -- 18. 祂親自了解 -- 19. 身體的其餘部分 -- 20. 外面是全新的世界. |
| 650 ## - SUBJECT ADDED ENTRY--TOPICAL TERM | |
| Topical term or geographic name entry element | God Omnipresence. |
| 650 ## - SUBJECT ADDED ENTRY--TOPICAL TERM | |
| Topical term or geographic name entry element | Pain Religious aspects Christianity. |
| 650 ## - SUBJECT ADDED ENTRY--TOPICAL TERM | |
| Topical term or geographic name entry element | Suffering Religious aspects Christianity. |
| 700 ## - ADDED ENTRY--PERSONAL NAME | |
| Personal name | 楊腓力 |
| 700 ## - ADDED ENTRY--PERSONAL NAME | |
| Personal name | 黃陳妙玲 |
| 942 ## - ADDED ENTRY ELEMENTS (KOHA) | |
| Koha item type | Chinese Book |
| Source of classification or shelving scheme | |
| Withdrawn status | Lost status | Damaged status | Not for loan | Home library | Current library | Shelving location | Date acquired | Total Checkouts | Full call number | Barcode | Date last seen | Price effective from | Koha item type |
|---|---|---|---|---|---|---|---|---|---|---|---|---|---|
| GETS Theological Seminary Library | GETS Theological Seminary Library | General Stacks | 07/12/2020 | BT732.7 .Y3612 2010 | 00000504 | 07/12/2020 | 07/12/2020 | Chinese Book |